书目信息 |
| 题名: |
教师心理训练
|
|
| 作者: | 李建周 著 | |
| 分册: | ||
| 出版信息: | 北京 教育科学出版社 1993 |
|
| 页数: | 363页 | |
| 开本: | 20cm | |
| 丛书名: | ||
| 单 册: | ||
| 中图分类: | G443 | |
| 科图分类: | ||
| 主题词: | 教育心理学 | |
| 电子资源: | ||
| ISBN: | 7-5041-1293-3 | |
| 000 | 00531nam0 2200193 450 | |
| 001 | 0759062195 | |
| 005 | 20070725101251.81 | |
| 010 | @a7-5041-1293-3@dCNY6.50 | |
| 100 | @a20070719d1993 km y0chiy0120 ea | |
| 101 | 0 | @achi |
| 102 | @aCN@b110000 | |
| 200 | 1 | @a教师心理训练@Ajiao shi xin li xun lian@f李建周著@Fli jian zhou zhu |
| 210 | @a北京@c教育科学出版社@d1993 | |
| 215 | @a363页@d20cm | |
| 606 | 0 | @a教育心理学 |
| 690 | @aG443@v3 | |
| 701 | 0 | @a李建周@Ali jian zhou@4著 |
| 801 | 0 | @aCN@bPFT@c20070725 |
| 905 | @a10447@dG443@e158 | |
| 教师心理训练/李建周著.-北京:教育科学出版社,1993 |
| 363页;20cm |
| ISBN 7-5041-1293-3:CNY6.50 |
| ● |
| 相关链接 |
|
|
|
|
正题名:教师心理训练
索取号:G443/158
 
预约/预借
| 序号 | 登录号 | 条形码 | 馆藏地/架位号 | 状态 | 备注 |
| 1 | 0766545 | 207665454 | 密集书库/ [索取号:G443/158] | 在馆 | |
| 2 | 0766546 | 207665463 | 密集书库/ [索取号:G443/158] | 在馆 | |
| 3 | 0767528 | 207675283 | 第一样本阅览室/ [索取号:G443/158] | 在馆 |